| 000 | 00845cam a22002655a 4500 | ||
|---|---|---|---|
| 001 | 2105931 | ||
| 005 | 20180502111005.0 | ||
| 008 | 960322t1997 maua frb 001 0 eng d | ||
| 020 | _a0070218927 | ||
| 020 | _a9780071142137 | ||
| 040 |
_aDLC _cDLC _dDLC _dEG-ScBUE _beng |
||
| 082 | 0 | 4 |
_222 _a338.5 _bFRA |
| 100 | 1 |
_aFrank, Robert H. _93237 |
|
| 245 | 1 | 0 |
_aMicroeconomics and behavior / _cRobert H. Frank. |
| 250 | _a3rd ed., International ed. | ||
| 260 |
_aBoston : _bMcGraw-Hill, _cc.1997. |
||
| 300 |
_axxx, 744 p. : _bill. ; _c24 cm. |
||
| 504 | _aIncludes bibliographical references and index. | ||
| 650 | 7 |
_aMicroeconomics. _2BUEsh _95599 |
|
| 650 | 7 |
_aEconomic man. _2BUEsh _93239 |
|
| 650 | 7 |
_aSelf-interest. _2BUEsh _93240 |
|
| 650 | 7 |
_aConsumer behavior. _2BUEsh _912283 |
|
| 653 |
_bGGEN _bBUSECO _cMay2018 |
||
| 942 | _2ddc | ||
| 999 |
_c26622 _d26594 |
||